000 00221 a2200109 4500
020 _a9788417477783
041 _aspa
100 _aRoca, Judith Sanchez
245 _aEl Jorobado de Notre Dame
942 _cBK
952 _74
999 _c24851
_d24851